000
00308 a2200109 4500
020
_a
9788199238947
100
_a
Reese Thomas
245
_a
Ente inayude thirodhanam oru cinemapusthakam(എൻെറ ഇണയുടെ തിരോധാനം)
250
_a
2nd
260
_b
Story slate
_c
2025
942
_c
OO
999
_c
115756
_d
115755